Gestión docente universitaria. Modelos comparados

Saved in:
Bibliografiske detaljer
Institution som forfatter: Centro Interuniversitario de Desarrollo (Author)
Format: Bog
Sprog:spansk
Udgivet: Santiago CINDA 1998
Fag:
Tags: Tilføj Tag
Ingen Tags, Vær først til at tagge denne postø!

MARC

LEADER 00000cam a2200000 a 4500
001 UCK9920
003 CL-VaPUC
008 060609e19980000CL |||||||||||||||||spa|d
020 |a 9567106355 
082 0 4 |a 378.006  |b CEN  |2 21 
110 2 |a Centro Interuniversitario de Desarrollo  |e author  |9 499822 
245 1 0 |a Gestión docente universitaria. Modelos comparados 
300 |a 311 p 
942 |c BK 
945 |d 20060609 00:00:00  |a jtorresc 
260 |a Santiago  |b CINDA  |c 1998 
650 0 |a Gestión universitaria   |9 384681 
650 0 |a Docencia universitaria   |9 332645 
650 0 |a Educación superior   |9 223851 
583 |a last modification  |c 20120110 01:22:06  |k Rodrigo Vera 
999 |c 316920  |d 316918 
952 |0 0  |1 0  |2 ddc  |4 0  |6 378_006000000000000_CEN_1998  |7 0  |8 A  |9 392514  |a BIBALI  |b BIBALI  |c GEN  |d 2019-11-22  |h v.3  |i 4240332  |o 378.006 CEN 1998  |p 4240332  |r 2025-01-20  |w 2019-11-22  |y BK  |k ALI 
952 |0 0  |1 0  |4 0  |6 378_006000000000000_CEN_1998  |7 0  |8 A  |9 392516  |a BIBGIM  |b BIBGIM  |d 2019-11-22  |h v.3  |i 4240537  |o 378.006 CEN 1998  |p 4240537  |r 2025-01-15  |w 2019-11-22  |y BK  |k GIM 
952 |0 0  |1 0  |4 0  |6 378_006000000000000_CEN_1998  |7 0  |8 P  |9 392518  |a BIBEDU  |b BIBEDU  |c BIBEDU_PB  |d 2019-11-22  |h v.3  |i 4240731  |o 378.006 CEN 1998  |p 4240731  |r 2024-01-25  |w 2019-11-22  |y BK  |k EDU 
952 |0 0  |1 0  |4 0  |6 378_006000000000000_CEN_1998  |7 0  |8 ED_SUP  |9 392519  |a BIBGIM  |b BIBGIM  |c S_PSTGRDO  |d 2019-11-22  |h v.3  |i 4835662  |o 378.006 CEN 1998  |p 4835662  |r 2025-01-15  |w 2019-11-22  |y BK  |k ESU 
952 |0 0  |1 0  |4 0  |6 378_006000000000000_CEN_1998  |7 0  |8 ED_SUP  |9 392520  |a BIBGIM  |b BIBGIM  |c S_PSTGRDO  |d 2019-11-22  |h v.3  |i 4835670  |o 378.006 CEN 1998  |p 4835670  |r 2025-01-15  |w 2019-11-22  |y BK  |k ESU